| 000 | 00998nam a22002775a 4500 | ||
|---|---|---|---|
| 003 | OSt | ||
| 005 | 20180205115035.0 | ||
| 008 | 180205s1998 ua grb f000 0dara d | ||
| 017 | _a1998 / 4934 | ||
| 020 | _a9770156469 | ||
| 040 |
_aEG-ScBUE _bara _cEG-ScBUE |
||
| 082 | 0 | 4 |
_a193 _bب س ط _222 |
| 100 | 1 | _aبسطاويسي، رمضان. | |
| 245 | 1 | 0 |
_aجماليات الفنون / _cرمضان بسطاويسي. |
| 260 |
_aالقاهرة : _bالهيئة المصرية العامة للكتاب، _c1998. |
||
| 300 |
_a454 ص. ؛ _c24 سم. |
||
| 490 | 0 | _aدراسات أدبية | |
| 504 | _aيشتمل على إرجاعات ببليوجرافية. | ||
| 600 | 1 | 7 |
_aهيجل، جورج فيلهلم فريدريك، _d1831-1770 _xآراء حول الجمال. _2BUEsh |
| 650 | 7 |
_aالفلسفة الألمانية. _2BUEsh _916443 |
|
| 650 | 7 |
_aالجمال (فن) _2BUEsh |
|
| 650 | 7 |
_aالفن _xفلسفة. _2BUEsh |
|
| 651 | _2BUEsh | ||
| 653 |
_bGGEN _cFebruary2018 |
||
| 942 | _2ddc | ||
| 999 |
_c26092 _d26064 |
||